21世紀ヤクルトスワローズ開幕スタメン - Statistics

General Stats
  • This quiz has been taken 58 times
    38 since last reset
  • The average score is 164 of 234
Answer Stats
Answer % Correct
右 | 左 バレンティン
100%
中村悠平
100%
2014 | 2015 | 2018 山田哲人
100%
古田敦也
96%
石川雅規
96%
塩見泰隆
96%
右 | 左 サンタナ
96%
オスナ
96%
小川泰弘
91%
三 | 遊 宮本慎也
87%
中 | 右 雄平
87%
村上宗隆
87%
長岡秀樹
87%
中 | 左 青木宣親
83%
三 | 遊 川端慎吾
83%
ラミレス
78%
中 | 右 稲葉篤紀
74%
ペタジーニ
74%
田中浩康
74%
畠山和洋
74%
古賀優大
74%
奥川恭伸
74%
岩村明憲
70%
吉村貢司郎
70%
内山壮真
65%
ガイエル
61%
上田剛史
61%
ミレッジ
61%
大引啓次
61%
岩田幸宏
61%
茂木栄五郎
61%
相川亮二
57%
一 | 中 | 右 | 左 坂口智隆
57%
伊藤琉偉
57%
2001 中 | 右 真中満
52%
リグス
52%
ホワイトセル
52%
西川遥輝
52%
館山昌平
48%
三 | 遊 西浦直亨
48%
三 | 二 赤羽由紘
48%
石井一久
43%
飯原誉士
43%
デントナ
43%
内川聖一
43%
サイスニード
43%
池山隆寛
39%
2002 飯田哲也
39%
荒木貴裕
39%
エスコバー
39%
土橋勝征
35%
2009 | 2010 福地寿樹
35%
山崎晃大朗
35%
ブキャナン
35%
増田珠
35%
ラロッカ
30%
松元ユウイチ
30%
嶋基宏
30%
藤井秀悟
26%
鈴木健
26%
2008 三 | 遊 川島慶三
26%
廣岡大志
26%
濱中治
22%
福川将和
17%
森岡良介
17%
宮出隆自
13%
松井淳
13%
ベッツ
9%
ホッジス
9%
度会博文
9%
2023 濱田太貴
9%
城石憲之
4%
ベバリン
4%
佐藤真一
4%
No matching quizzes found
Score Distribution
Percent of People with Each Score
Percentile by Number Answered
Your Score History
You have not taken this quiz since the last reset